<?xml version="1.0" encoding="UTF-8"?><?xml-stylesheet type="text/xsl" href="static/style.xsl"?><OAI-PMH xmlns="http://www.openarchives.org/OAI/2.0/" xmlns:xsi="http://www.w3.org/2001/XMLSchema-instance" xsi:schemaLocation="http://www.openarchives.org/OAI/2.0/ http://www.openarchives.org/OAI/2.0/OAI-PMH.xsd"><responseDate>2026-04-17T20:46:30Z</responseDate><request verb="GetRecord" identifier="oai:riubu.ubu.es:10259/9356" metadataPrefix="marc">https://riubu.ubu.es/oai/request</request><GetRecord><record><header><identifier>oai:riubu.ubu.es:10259/9356</identifier><datestamp>2024-07-10T00:05:18Z</datestamp><setSpec>com_10259_3847</setSpec><setSpec>com_10259_5086</setSpec><setSpec>com_10259_2604</setSpec><setSpec>col_10259_7109</setSpec></header><metadata><record xmlns="http://www.loc.gov/MARC21/slim" xmlns:doc="http://www.lyncode.com/xoai" xmlns:xsi="http://www.w3.org/2001/XMLSchema-instance" xmlns:dcterms="http://purl.org/dc/terms/" xsi:schemaLocation="http://www.loc.gov/MARC21/slim http://www.loc.gov/standards/marcxml/schema/MARC21slim.xsd">
<leader>00925njm 22002777a 4500</leader>
<datafield tag="042" ind1=" " ind2=" ">
<subfield code="a">dc</subfield>
</datafield>
<datafield tag="720" ind1=" " ind2=" ">
<subfield code="a">Corchado, Emilio</subfield>
<subfield code="e">author</subfield>
</datafield>
<datafield tag="720" ind1=" " ind2=" ">
<subfield code="a">Curiel Herrera, Leticia Elena</subfield>
<subfield code="e">author</subfield>
</datafield>
<datafield tag="720" ind1=" " ind2=" ">
<subfield code="a">Bravo Díez, Pedro Miguel</subfield>
<subfield code="e">author</subfield>
</datafield>
<datafield tag="260" ind1=" " ind2=" ">
<subfield code="c">2005</subfield>
</datafield>
<datafield tag="520" ind1=" " ind2=" ">
<subfield code="a">A novel connectionist method to feature selection is proposed in this paper to identify the optimal conditions to perform drilling tasks. The aim is to extract information from complex high dimensional data sets. The model used is based on a family of cost functions which maximizes the likelihood of identifying a specific distribution in a data set. It employs lateral connections derived from the Rectified Gaussian Distribution to enforce a more sparse representation in each weight vector. The data investigated is obtained from the sensors allocated in a robot used to drill and build industrial warehouses. It is hoped that in classifying this data related with the strength, the water volume for refrigerating, speed and time of each sample, it will help in the search of the best conditions to perform the drilling of reinforce concrete slabs. This would produce a great saving for the company which owns the drilling robot.</subfield>
</datafield>
<datafield tag="024" ind2=" " ind1="8">
<subfield code="a">978-3-540-25055-5</subfield>
</datafield>
<datafield tag="024" ind2=" " ind1="8">
<subfield code="a">http://hdl.handle.net/10259/9356</subfield>
</datafield>
<datafield tag="024" ind2=" " ind1="8">
<subfield code="a">10.1007/3-540-32391-0_77</subfield>
</datafield>
<datafield tag="245" ind1="0" ind2="0">
<subfield code="a">A Cooperative Unsupervised Connectionist Model to Identify the Optimal Conditions of a Pneumatic Drill</subfield>
</datafield>
</record></metadata></record></GetRecord></OAI-PMH>